[Event "47th IT Bosna 2017"]
[Site "Sarajevo"]
[Date "2017.05.18"]
[Round "8.34"]
[White "Strinic, Halid"]
[Black "Medic, Nevenko"]
[Result "1-0"]
[WhiteElo "2122"]
[BlackElo "1996"]
[PlyCount "69"]
[EventDate "2017.05.13"]

1. e4 c6 2. d4 d5 3. e5 c5 4. dxc5 e6 5. Qg4 h5 6. Qd4 Ne7 7. b4 Nf5 8. Qb2 b6
9. Bb5+ Bd7 10. Bxd7+ Qxd7 11. cxb6 axb6 12. Nf3 Qb5 13. a3 Nc6 14. Nc3 Qc4 15.
Rb1 d4 16. Ne2 Be7 17. Qb3 Qb5 18. Qd3 Qd5 19. Nf4 Nxe5 20. Nxd5 Nxd3+ 21. cxd3
exd5 22. Bb2 Bf6 23. Kd2 Kd7 24. Rhe1 Rhe8 25. h3 h4 26. Kc2 b5 27. Kb3 Re6 28.
Rec1 Re2 29. Rc2 Rxc2 30. Kxc2 Rc8+ 31. Kd1 g6 32. Rc1 Rxc1+ 33. Kxc1 Kc6 34.
Kc2 g5 35. Bc1 1-0

[Event "47th IT Bosna 2017"]
[Site "Sarajevo"]
[Date "2017.05.18"]
[Round "8.35"]
[White "Dedic, Nedzad"]
[Black "Petrovic, Marija"]
[Result "0-1"]
[WhiteElo "1940"]
[BlackElo "2083"]
[PlyCount "53"]
[EventDate "2017.05.13"]

1. e4 e5 2. Nf3 Qe7 3. Nc3 c6 4. b3 Nf6 5. a4 d6 6. Be2 a5 7. Ba3 Na6 8. O-O
Qc7 9. d4 Nb4 10. Qd2 h6 11. Rad1 Be7 12. Nb1 Nxe4 13. Qe3 Ng5 14. Bxb4 axb4
15. dxe5 Nxf3+ 16. Bxf3 dxe5 17. Rfe1 Bf6 18. Qe4 Qb6 19. Rd4 O-O 20. Rxb4 Qa5
21. Bg4 Be7 22. Rc4 Bxg4 23. b4 Bxb4 24. Rxb4 Bf5 25. Qxf5 Qxb4 26. c3 Qd6 27.
Qc2 0-1

[Event "47th IT Bosna 2017"]
[Site "Sarajevo"]
[Date "2017.05.18"]
[Round "8.36"]
[White "Nestorovic, Katarina"]
[Black "Miladinovic, Zlatko"]
[Result "0-1"]
[WhiteElo "1918"]
[BlackElo "2077"]
[PlyCount "63"]
[EventDate "2017.05.13"]

1. e4 c5 2. Nf3 Nc6 3. d4 cxd4 4. Nxd4 Nf6 5. Nc3 e5 6. Ndb5 d6 7. Nd5 Nxd5 8.
exd5 Nb8 9. c4 Be7 10. Bd3 O-O 11. O-O f5 12. f3 a6 13. Nc3 Bg5 14. Kh1 Bxc1
15. Rxc1 Nd7 16. b4 b6 17. Na4 Qh4 18. Qc2 b5 19. cxb5 axb5 20. Nc3 Qxb4 21.
Rb1 Qf4 22. Bxb5 Nc5 23. Bc6 Ra5 24. Nb5 Ba6 25. Rf2 Bxb5 26. Rxb5 Rxa2 27. Rb2
Rxb2 28. Qxb2 Nd3 29. g3 Nxf2+ 30. Qxf2 Qc1+ 31. Qg1 Qxg1+ 32. Kxg1 0-1

[Event "47th IT Bosna 2017"]
[Site "Sarajevo"]
[Date "2017.05.18"]
[Round "8.37"]
[White "Urh, Zala"]
[Black "Okuyaz, Duru"]
[Result "1/2-1/2"]
[WhiteElo "2036"]
[BlackElo "1917"]
[PlyCount "84"]
[EventDate "2017.05.13"]

1. d4 d5 2. c4 c6 3. Nf3 Nf6 4. Nc3 e6 5. Bg5 h6 6. Bxf6 Qxf6 7. Qc2 Nd7 8. e4
dxe4 9. Qxe4 g6 10. Bd3 Bg7 11. O-O O-O 12. Rfe1 c5 13. d5 e5 14. Nd2 Qb6 15.
Nb3 f5 16. Qe3 Qd8 17. f3 b6 18. Kh1 Ba6 19. a4 Qh4 20. Nd2 Rfe8 21. a5 Qf6 22.
Ra3 bxa5 23. Rxa5 Qb6 24. Rea1 Bb7 25. Rb5 Qc7 26. d6 Qc8 27. Nb3 Bc6 28. Rba5
Qb8 29. Nxc5 Qxb2 30. Qc1 Qb4 31. Nxd7 Bxd7 32. Nd5 Qxd6 33. Rxa7 Rxa7 34. Rxa7
Be6 35. Bf1 Kh8 36. Nc7 Rc8 37. Nxe6 Qxe6 38. Ra4 Qd6 39. Ra5 Qb6 40. Rd5 Qe6
41. Qd1 Rc6 42. Qb3 Kh7 1/2-1/2

[Event "47th IT Bosna 2017"]
[Site "Sarajevo"]
[Date "2017.05.18"]
[Round "8.38"]
[White "Celik, Eda"]
[Black "Reinhard, Marcus"]
[Result "1/2-1/2"]
[WhiteElo "1728"]
[BlackElo "2168"]
[PlyCount "94"]
[EventDate "2017.05.13"]

1. e4 c5 2. Nf3 a6 3. d3 Nc6 4. g3 g6 5. Bg2 Bg7 6. O-O Nf6 7. Re1 O-O 8. c3 d5
9. e5 Ne8 10. d4 cxd4 11. cxd4 Qb6 12. Nc3 Nc7 13. h3 Be6 14. Na4 Qa7 15. Be3
Rfd8 16. Rc1 Bf5 17. Nh4 Bc8 18. Qd2 f5 19. Nf3 Ne6 20. Nc5 Nxc5 21. Rxc5 e6
22. Bg5 Rd7 23. Rec1 Rc7 24. b4 Bd7 25. a4 b6 26. R5c2 Rac8 27. Bf1 Bf8 28. b5
Na5 29. Rxc7 Rxc7 30. Bd8 Rxc1 31. Qxc1 axb5 32. axb5 h6 33. Qc7 Qxc7 34. Bxc7
Nc4 35. Bxc4 dxc4 36. Bxb6 c3 37. Ne1 Bxb5 38. Ba5 Ba3 39. Bxc3 Bc1 40. Nf3 Bc6
41. Nd2 Bxd2 42. Bxd2 h5 43. Kf1 Kf7 44. Ke2 Bd5 45. Bg5 Bc4+ 46. Kd2 Bd5 47.
Ke3 Be4 1/2-1/2

[Event "47th IT Bosna 2017"]
[Site "Sarajevo"]
[Date "2017.05.18"]
[Round "8.39"]
[White "Aleksic, Neven"]
[Black "Colpa, Husein"]
[Result "1-0"]
[WhiteElo "2121"]
[BlackElo "1904"]
[PlyCount "74"]
[EventDate "2017.05.13"]

1. d4 Nf6 2. c4 e6 3. Nf3 d5 4. cxd5 Bb4+ 5. Nc3 Nxd5 6. Bd2 Nc6 7. e4 Nde7 8.
Be3 O-O 9. Bd3 Ng6 10. e5 Nce7 11. O-O Bd7 12. Ne4 Bc6 13. Nfg5 h6 14. Qh5 Qd5
15. Nf6+ Kh8 16. Nxd5 Bxd5 17. Nxf7+ Rxf7 18. Bxg6 Rf5 19. Bxf5 exf5 20. a3 Ba5
21. Bg5 Ng8 22. b4 Bb6 23. Rfe1 Kh7 24. e6 g6 25. Qh4 Re8 26. e7 Kg7 27. Bf4 c6
28. Re3 Bxd4 29. Bxh6+ Nxh6 30. Qxd4+ Kf7 31. h3 Ng8 32. Qxa7 b5 33. Rd1 Nf6
34. f3 f4 35. Re5 Bc4 36. Rd8 Bd5 37. Rxe8 Nxe8 1-0

[Event "47th IT Bosna 2017"]
[Site "Sarajevo"]
[Date "2017.05.18"]
[Round "8.40"]
[White "Schettler, Juergen"]
[Black "Strinic, Hamdija"]
[Result "1-0"]
[WhiteElo "2111"]
[BlackElo "1749"]
[PlyCount "61"]
[EventDate "2017.05.13"]

1. Nf3 d5 2. g3 Bg4 3. Bg2 Nd7 4. d3 Ngf6 5. h3 Bf5 6. Nh4 Bg6 7. Nxg6 hxg6 8.
e4 e6 9. Qe2 Be7 10. e5 Nh7 11. h4 c6 12. c3 Qc7 13. d4 O-O-O 14. b4 Rde8 15.
f4 f6 16. Be3 g5 17. hxg5 fxg5 18. Qd3 gxf4 19. gxf4 Ndf8 20. Nd2 Bd8 21. Bf3
g6 22. Ke2 Qf7 23. Bg4 Kb8 24. a4 Be7 25. b5 Rc8 26. c4 Rc7 27. bxc6 Rxc6 28.
cxd5 exd5 29. Rhc1 Ne6 30. Rxc6 bxc6 31. Rb1+ 1-0

[Event "47th IT Bosna 2017"]
[Site "Sarajevo"]
[Date "2017.05.18"]
[Round "8.41"]
[White "Stanivukovic, Drago"]
[Black "Salkic, Midhat"]
[Result "1-0"]
[WhiteElo "1892"]
[BlackElo "2042"]
[PlyCount "69"]
[EventDate "2017.05.13"]

1. d4 Nf6 2. c4 e6 3. Nc3 d5 4. Bg5 Be7 5. e3 Nbd7 6. cxd5 exd5 7. Nf3 c6 8.
Bd3 O-O 9. Qc2 Re8 10. Ne5 h6 11. h4 Nxe5 12. dxe5 Ng4 13. Bh7+ Kh8 14. Bf5
Bxg5 15. Bxg4 Bxg4 16. hxg5 Qxg5 17. f4 Qf5 18. Qxf5 Bxf5 19. O-O-O Kg8 20. Rh4
Rad8 21. g4 Be4 22. Nxe4 dxe4 23. Rdh1 Kf8 24. Rh5 Rd3 25. g5 hxg5 26. Rxg5
Rxe3 27. Rh8+ Ke7 28. Rh7 Rf3 29. f5 Kd8 30. e6 fxe6 31. Rgxg7 exf5 32. Rxb7
Kc8 33. Rhc7+ Kd8 34. Rxa7 e3 35. Rg7 1-0

[Event "47th IT Bosna 2017"]
[Site "Sarajevo"]
[Date "2017.05.18"]
[Round "8.42"]
[White "Halilovic, Fahrudin"]
[Black "Erece, Ece Alkim"]
[Result "1-0"]
[WhiteElo "2032"]
[BlackElo "1686"]
[PlyCount "63"]
[EventDate "2017.05.13"]

1. e4 c5 2. d3 Nc6 3. g3 g6 4. Bg2 Bg7 5. f4 e6 6. Nf3 Nge7 7. c3 O-O 8. O-O b6
9. Na3 Ba6 10. Re1 d5 11. e5 Nf5 12. Nc2 Rb8 13. g4 Nh4 14. Nxh4 Qxh4 15. Be3
Qe7 16. Bf2 Rfc8 17. Qf3 b5 18. a3 Bb7 19. Qh3 a5 20. Bh4 Qc7 21. Rf1 h6 22.
Bf6 Kh7 23. Qh4 Bxf6 24. exf6 d4 25. Rf3 h5 26. gxh5 g5 27. fxg5 Ne5 28. g6+
Kg8 29. Rg3 Bxg2 30. Kxg2 Qc6+ 31. Kf2 c4 32. Qg5 1-0

[Event "47th IT Bosna 2017"]
[Site "Sarajevo"]
[Date "2017.05.18"]
[Round "8.43"]
[White "Lapo, Safet"]
[Black "Jovovic, Milan"]
[Result "0-1"]
[WhiteElo "1844"]
[BlackElo "2032"]
[PlyCount "24"]
[EventDate "2017.05.13"]

1. d4 Nf6 2. Bf4 d5 3. e3 c5 4. c3 Nc6 5. Nf3 Qb6 6. Qb3 c4 7. Qxb6 axb6 8.
Nbd2 b5 9. Be2 Bf5 10. O-O h6 11. Ne5 e6 12. Ndf3 Ne4 {Neèitak formular} 0-1

[Event "47th IT Bosna 2017"]
[Site "Sarajevo"]
[Date "2017.05.18"]
[Round "8.45"]
[White "Gligorevic, Milorad"]
[Black "Selimovic, Amir"]
[Result "0-1"]
[WhiteElo "1823"]
[BlackElo "1941"]
[PlyCount "85"]
[EventDate "2017.05.13"]

1. e4 e6 2. d4 d5 3. Nc3 Bb4 4. Bd3 Nc6 5. Nf3 dxe4 6. Bxe4 Nf6 7. Bd3 O-O 8.
a3 Bxc3+ 9. bxc3 Qd5 10. c4 Qh5 11. Bg5 Nxd4 12. Bxf6 Nxf3+ 13. Qxf3 Qxf3 14.
gxf3 gxf6 15. Rb1 c5 16. Be4 f5 17. Bd3 b6 18. Ke2 Kh8 19. f4 Rg8 20. f3 Bd7
21. Kf2 Ba4 22. Rhg1 Rxg1 23. Rxg1 Rd8 24. Ke3 Rg8 25. Rxg8+ Kxg8 26. c3 Bd1
27. Bb1 Kf8 28. Kf2 Ke7 29. Bd3 Kd6 30. h4 Kc6 31. Ke3 Kb7 32. Bf1 Ka6 33. Bg2
Ka5 34. Kd2 Bb3 35. Kc1 Bxc4 36. Kb2 Ka4 37. h5 h6 38. Bh1 Be2 39. Bg2 Kb5 40.
Kc2 Ka5 41. Kb2 b5 42. Bh1 Bf1 43. Ka2 0-1

[Event "47th IT Bosna 2017"]
[Site "Sarajevo"]
[Date "2017.05.18"]
[Round "8.48"]
[White "Nikolic, Nebojsa"]
[Black "Tomic, Jelena"]
[Result "1-0"]
[WhiteElo "2378"]
[BlackElo "1751"]
[PlyCount "67"]
[EventDate "2017.05.13"]

1. d4 Nf6 2. Bg5 d5 3. e3 c6 4. Bxf6 exf6 5. c4 Be6 6. cxd5 Bxd5 7. Nc3 Bb4 8.
Nf3 Qa5 9. Qc2 O-O 10. Bd3 g6 11. e4 Be6 12. O-O Nd7 13. Ne2 Bg4 14. Ne1 Qb6
15. f3 Be6 16. f4 Bg4 17. Nf3 Rac8 18. Bc4 Qc7 19. a3 Bd6 20. e5 Be7 21. exf6
Nxf6 22. Ne5 Bf5 23. Qb3 Bd6 24. Ng3 b5 25. Nxf5 bxc4 26. Nh6+ Kg7 27. Qh3 c5
28. Rf3 cxd4 29. Nf5+ Kh8 30. Qh4 Bxe5 31. fxe5 Qxe5 32. Re1 g5 33. Qh6 Qxe1+
34. Rf1 1-0

[Event "47th IT Bosna 2017"]
[Site "Sarajevo"]
[Date "2017.05.18"]
[Round "8.49"]
[White "Vujicic, Dragisa"]
[Black "Babic, Masa"]
[Result "1-0"]
[WhiteElo "1914"]
[BlackElo "1653"]
[PlyCount "39"]
[EventDate "2017.05.13"]

1. e4 e5 2. Nf3 Nc6 3. Bc4 Be7 4. O-O Nf6 5. d3 O-O 6. c3 a6 7. Re1 d6 8. Bb3
Bg4 9. Nbd2 Re8 10. Nf1 Qd7 11. Ng3 Rad8 12. h3 Bxf3 13. Qxf3 d5 14. Bg5 dxe4
15. dxe4 h6 16. Rad1 Qc8 17. Bxf6 Bxf6 18. Nh5 Be7 19. Qxf7+ Kh8 20. Qxg7# 1-0

[Event "47th IT Bosna 2017"]
[Site "Sarajevo"]
[Date "2017.05.18"]
[Round "8.50"]
[White "Bajic, Salko"]
[Black "Cabric, Izet"]
[Result "0-1"]
[WhiteElo "1732"]
[BlackElo "1895"]
[PlyCount "114"]
[EventDate "2017.05.13"]

1. e4 d6 2. d4 Nf6 3. Nc3 g6 4. Nf3 Bg7 5. h3 O-O 6. Bc4 c6 7. O-O b5 8. Bd3 a5
9. Ne2 Bb7 10. Bf4 Qb6 11. c3 c5 12. Ng3 Nbd7 13. Be3 a4 14. Qe2 Ba6 15. d5 e6
16. dxe6 fxe6 17. Rfd1 Qb7 18. Qd2 d5 19. exd5 Nxd5 20. Be4 N7f6 21. Bxd5 Nxd5
22. Bxc5 Rfd8 23. Bd4 Qc7 24. Re1 Nf4 25. Qe3 Bxd4 26. Nxd4 Re8 27. Qe5 Qf7 28.
Re3 Bb7 29. Ne4 Bxe4 30. Qxe4 Rad8 31. Rf1 Rd5 32. Rf3 g5 33. Kh2 e5 34. Nc2
Qe6 35. Ne3 Rd2 36. Qb4 Qxa2 37. Qxb5 Qe6 38. Ng4 Kg7 39. Re1 Rd5 40. Qxa4 h5
41. Ne3 Rd3 42. Qa7+ Kg6 43. Rg3 Rd2 44. Ra1 Re7 45. Qa8 e4 46. Ra6 Rd6 47.
Rxd6 Qxd6 48. Qg8+ Rg7 49. Rxg5+ Kxg5 50. Qxg7+ Ng6+ 51. g3 h4 52. f4+ exf3 53.
Qd4 hxg3+ 54. Kg1 Qxd4 55. cxd4 Kf4 56. Nf1 f2+ 57. Kh1 Nh4 0-1

[Event "47th IT Bosna 2017"]
[Site "Sarajevo"]
[Date "2017.05.18"]
[Round "8.51"]
[White "Kuljanin, Filip"]
[Black "Zaloznik, Vesna"]
[Result "1-0"]
[WhiteElo "1895"]
[BlackElo "1504"]
[PlyCount "51"]
[EventDate "2017.05.13"]

1. e4 e5 2. Nc3 Nc6 3. d3 Bc5 4. Be3 Bb6 5. Qd2 Nf6 6. h3 d6 7. Be2 Be6 8. f4
exf4 9. Bxf4 Nh5 10. Bg5 Nf6 11. Qf4 Nd4 12. Bxf6 gxf6 13. O-O-O Qe7 14. Rf1 f5
15. Bf3 O-O-O 16. Nge2 fxe4 17. Bxe4 Nxe2+ 18. Nxe2 d5 19. Bf5 Kb8 20. Nd4 Bxd4
21. Qxd4 Qg5+ 22. Qf4 Qxg2 23. Rhg1 Qe2 24. Rg7 Qh5 25. Bxe6 Rde8 26. Bxf7 1-0

[Event "47th IT Bosna 2017"]
[Site "Sarajevo"]
[Date "2017.05.18"]
[Round "8.53"]
[White "Camdzija, Samir"]
[Black "Pleh, Semir"]
[Result "0-1"]
[WhiteElo "1833"]
[BlackElo "1678"]
[PlyCount "47"]
[EventDate "2017.05.13"]

1. e4 c5 2. Nf3 Nc6 3. Bc4 e6 4. Nc3 Nf6 5. d4 cxd4 6. Nxd4 Bb4 7. Nxc6 bxc6 8.
Qf3 d5 9. Bd3 Qa5 10. O-O Bxc3 11. bxc3 Qxc3 12. Be3 O-O 13. exd5 Nxd5 14. Bg5
Qe5 15. Bd2 Qf6 16. Qe4 g6 17. Rab1 e5 18. Rfe1 Re8 19. c4 Bf5 20. Qe2 Nf4 21.
Bxf4 exf4 22. Qf1 Be6 23. Rbc1 Rac8 24. h3 {Neèitak formular} 0-1

[Event "47th IT Bosna 2017"]
[Site "Sarajevo"]
[Date "2017.05.18"]
[Round "8.55"]
[White "Colpa, Fahrudin"]
[Black "Peric, Pero"]
[Result "1-0"]
[WhiteElo "1882"]
[BlackElo "1678"]
[PlyCount "79"]
[EventDate "2017.05.13"]

1. e4 b6 2. d4 e6 3. c4 Bb7 4. Bd3 Nf6 5. Qe2 h6 6. f4 Bb4+ 7. Bd2 Bxd2+ 8.
Nxd2 O-O 9. Ngf3 d6 10. h3 c5 11. g4 Nh7 12. O-O-O Nc6 13. d5 exd5 14. exd5 Nb4
15. Bb1 Qf6 16. a3 Rfe8 17. Qg2 Na6 18. g5 hxg5 19. Nxg5 Nxg5 20. fxg5 Qd4 21.
g6 f6 22. Qf3 Re5 23. Bf5 Qh4 24. Qg4 Qh6 25. Be6+ Kf8 26. Rdf1 Rg5 27. Qf4 Rd8
28. Bf7 Nc7 29. Qe3 Re5 30. Qxh6 gxh6 31. Nf3 Rf5 32. Nd2 Rxf1+ 33. Rxf1 Kg7
34. Ne4 b5 35. Nxf6 Kf8 36. Nh5 bxc4 37. g7+ Ke7 38. g8=Q Rxg8 39. Bxg8 Nxd5
40. Rf7+ 1-0

[Event "47th IT Bosna 2017"]
[Site "Sarajevo"]
[Date "2017.05.18"]
[Round "8.56"]
[White "Markovic, Rade A"]
[Black "Vrce, Anes"]
[Result "1-0"]
[WhiteElo "1749"]
[BlackElo "1648"]
[PlyCount "43"]
[EventDate "2017.05.13"]

1. e4 Nf6 2. e5 Nd5 3. c4 Nb6 4. d4 d6 5. f4 g6 6. Nf3 Bg7 7. Nc3 O-O 8. Bd3
Nc6 9. Be3 Bg4 10. O-O dxe5 11. dxe5 Bxf3 12. Rxf3 Nd4 13. Rh3 e6 14. Ne4 Nf5
15. Bc5 Re8 16. Qe2 Nd4 17. Qf2 Nb3 18. axb3 Nd7 19. Ba3 b6 20. Rd1 c5 21. Be2
Rc8 22. Rhd3 1-0

[Event "47th IT Bosna 2017"]
[Site "Sarajevo"]
[Date "2017.05.18"]
[Round "8.57"]
[White "Kanjic, Elvir"]
[Black "Krug, Franz-Dieter"]
[Result "0-1"]
[WhiteElo "1722"]
[BlackElo "1605"]
[PlyCount "109"]
[EventDate "2017.05.13"]

1. d4 d5 2. c4 c6 3. Nc3 g6 4. Nf3 Bg7 5. e3 Nf6 6. Ne5 O-O 7. Be2 Nbd7 8. O-O
Nxe5 9. dxe5 Nd7 10. cxd5 Nxe5 11. dxc6 Nxc6 12. Qa4 Qa5 13. Qxa5 Nxa5 14. Nd5
e6 15. Ne7+ Kh8 16. Nxc8 Raxc8 17. Bd2 Nc4 18. Bc3 Nxb2 19. Bxg7+ Kxg7 20. Rab1
Rc2 21. Bf3 b6 22. g4 Rd8 23. Be4 Rcd2 24. a3 f5 25. gxf5 gxf5 26. Bc6 Kf6 27.
Bb5 Rg8+ 28. Kh1 Rg5 29. Rbc1 f4 30. a4 fxe3 31. fxe3+ Rf5 32. Rxf5+ Kxf5 33.
Bc6 Rd1+ 34. Rxd1 Nxd1 35. e4+ Ke5 36. Kg2 Kf4 37. Kh3 Nf2+ 38. Kh4 Nxe4 39.
Kh5 Nf6+ 40. Kh6 e5 41. Kg7 Kg5 42. Bb7 h5 43. h4+ Kxh4 44. Kxf6 Kg3 45. Kxe5
h4 46. Kd6 Kf4 47. Kc6 Ke5 48. Kb5 Kd6 49. Ka6 Kc5 50. Kxa7 Kb4 51. Bc6 Ka5 52.
Kb7 h3 53. Bh1 h2 54. Bg2 Kxa4 55. Bh3 0-1

[Event "47th IT Bosna 2017"]
[Site "Sarajevo"]
[Date "2017.05.18"]
[Round "8.58"]
[White "Babic, Milana"]
[Black "Gaspar, Zdravko"]
[Result "0-1"]
[WhiteElo "1520"]
[BlackElo "1689"]
[PlyCount "130"]
[EventDate "2017.05.13"]

1. e4 c6 2. d4 d5 3. e5 Bf5 4. Nf3 e6 5. Be2 Nd7 6. Be3 Ne7 7. O-O Ng6 8. c4
dxc4 9. Bxc4 Nb6 10. Be2 Nd5 11. Nc3 Ngf4 12. Nd2 Nxc3 13. bxc3 Nxe2+ 14. Qxe2
b5 15. a4 a6 16. Qf3 Qc8 17. Ra2 Be7 18. Qg3 O-O 19. Bh6 Bg6 20. Be3 Qd8 21.
Rfa1 b4 22. Rc1 bxc3 23. Rxc3 Qd5 24. Rb2 Rab8 25. Rxb8 Rxb8 26. Qf3 Bb4 27.
Rc1 Bxd2 28. Qxd5 cxd5 29. Bxd2 h6 30. h3 Rb2 31. Bc3 Ra2 32. a5 Bd3 33. Rd1
Bb5 34. Rd2 Ra4 35. Rc2 h5 36. f3 Kh7 37. Kf2 Rc4 38. Rc1 h4 39. Ke3 Kg6 40. f4
Kf5 41. Kf3 f6 42. Ke3 g5 43. fxg5 fxe5 44. Kf2 exd4 45. Bd2 Rxc1 46. Bxc1 e5
47. g3 hxg3+ 48. Kxg3 Be2 49. Kh4 e4 50. Bb2 d3 51. Kg3 e3 52. g6 Kxg6 53. Kf4
d2 54. Kxe3 d1=Q 55. Bh8 Qd3+ 56. Kf2 Qf3+ 57. Ke1 Qf1+ 58. Kd2 Bc4 59. Kc3
Qf3+ 60. Kd4 Qxh3 61. Be5 Kf5 62. Bc7 Ke6 63. Kc5 Qe3+ 64. Kc6 Qa7 65. Bb6 Bb5+
0-1

[Event "47th IT Bosna 2017"]
[Site "Sarajevo"]
[Date "2017.05.18"]
[Round "8.59"]
[White "Fejzic, Danis"]
[Black "Beslija, Hana"]
[Result "1-0"]
[WhiteElo "1439"]
[BlackElo "1113"]
[PlyCount "46"]
[EventDate "2017.05.13"]

1. e4 e5 2. Nf3 Nc6 3. Bb5 d6 4. d4 a6 5. Ba4 b5 6. Bb3 Bg4 7. dxe5 dxe5 8. Qd5
Qxd5 9. Bxd5 Nb4 10. Bxa8 Nxc2+ 11. Kd2 Nxa1 12. b3 Bxf3 13. gxf3 Bc5 14. Bb2
Bd4 15. Bxd4 exd4 16. Na3 Nxb3+ 17. axb3 Ne7 18. Bb7 c6 19. Rc1 Kd7 20. Nc2 Rb8
21. Bxa6 Ra8 22. Nb4 Ra7 23. Kd3 f5 1-0

[Event "47th IT Bosna 2017"]
[Site "Sarajevo"]
[Date "2017.05.18"]
[Round "8.61"]
[White "Tutic, Amina"]
[Black "Radaca, Nasir"]
[Result "0-1"]
[WhiteElo "1431"]
[BlackElo "1636"]
[PlyCount "70"]
[EventDate "2017.05.13"]

1. e4 c5 2. Nf3 d6 3. c4 Nf6 4. Nc3 e6 5. d4 cxd4 6. Nxd4 Be7 7. Be2 Bd7 8. O-O
O-O 9. Be3 Nc6 10. f4 a6 11. Nxc6 Bxc6 12. Qc2 Qc7 13. Bd3 h6 14. b4 Ng4 15.
Qe2 Nxe3 16. Qxe3 Bf6 17. Rac1 Qe7 18. b5 Bd7 19. Na4 axb5 20. Nb6 Rxa2 21.
cxb5 Be8 22. Rc8 Ra3 23. Rfc1 Ra1 24. Bb1 Bb2 25. R1c7 Rxb1+ 26. Kf2 Qh4+ 27.
Qg3 Bd4+ 28. Kf3 Rb3+ 29. Ke2 Rxg3 30. hxg3 Qxg3 31. Rxb7 Qe3+ 32. Kd1 Bxb6 33.
Rbb8 Qb3+ 34. Rc2 Qxb5 35. Rcc8 f6 0-1

[Event "47th IT Bosna 2017"]
[Site "Sarajevo"]
[Date "2017.05.19"]
[Round "9.1"]
[White "Demchenko, Anton"]
[Black "Ozen, Bahadir"]
[Result "1/2-1/2"]
[WhiteElo "2629"]
[BlackElo "2289"]
[PlyCount "113"]
[EventDate "2017.05.13"]

1. e4 g6 2. d4 Bg7 3. Nf3 d6 4. Be2 Nf6 5. Nc3 O-O 6. O-O a6 7. Re1 e6 8. e5
dxe5 9. Nxe5 Nfd7 10. Bf4 Nc6 11. Nxc6 bxc6 12. Bf3 Rb8 13. Na4 c5 14. c3 cxd4
15. cxd4 Rb4 16. Be3 Nb6 17. Nxb6 cxb6 18. Qd2 Qd6 19. Rac1 Rd8 20. Red1 Bd7
21. b3 Be8 22. Qe2 Rb5 23. g3 Qa3 24. Rc7 Ra5 25. Rdc1 Bf6 26. Rc8 Bd7 27. R8c2
Rf5 28. Be4 Rh5 29. Rc7 Qd6 30. Qf3 Kg7 31. Ra7 Rc8 32. Rxc8 Bxc8 33. h4 Bd7
34. Rxa6 Bxd4 35. Qd1 e5 36. Ra7 Be8 37. Qd2 Qc5 38. Bg5 Qc8 39. Qe2 h6 40. Be3
b5 41. Ra8 Qe6 42. Bxd4 exd4 43. Qd3 Qd7 44. a4 Rc5 45. Bg2 bxa4 46. bxa4 f6
47. a5 Bf7 48. a6 Ra5 49. Kh2 Ra2 50. Qf3 g5 51. Rb8 Rxa6 52. Rb7 Qe6 53. Bh3
Qa2 54. Kg1 Qa5 55. Qb3 Qe1+ 56. Bf1 Re6 57. Qc4 1/2-1/2

[Event "47th IT Bosna 2017"]
[Site "Sarajevo"]
[Date "2017.05.19"]
[Round "9.3"]
[White "Kadric, Denis"]
[Black "Blagojevic, Dragisa"]
[Result "1/2-1/2"]
[WhiteElo "2535"]
[BlackElo "2480"]
[PlyCount "35"]
[EventDate "2017.05.13"]

1. e4 e5 2. Nf3 Nc6 3. Bc4 Nf6 4. d3 Be7 5. O-O O-O 6. Re1 d6 7. a4 Na5 8. Ba2
c5 9. c3 Nc6 10. Na3 h6 11. Bd2 Re8 12. h3 Bf8 13. Qb1 Be6 14. Bxe6 Rxe6 15. b4
cxb4 16. cxb4 d5 17. Nc2 Rc8 18. Qb2 1/2-1/2

[Event "47th IT Bosna 2017"]
[Site "Sarajevo"]
[Date "2017.05.19"]
[Round "9.4"]
[White "Kosic, Dragan"]
[Black "Savic, Miodrag R"]
[Result "1-0"]
[WhiteElo "2485"]
[BlackElo "2512"]
[PlyCount "72"]
[EventDate "2017.05.13"]

1. d4 Nf6 2. Nf3 e6 3. Bf4 c5 4. e3 d5 5. Nbd2 Nc6 6. c3 Bd6 7. Bg3 O-O 8. Bb5
a6 9. Bxc6 bxc6 10. Qa4 Bxg3 11. hxg3 Qb6 12. Qb3 Qa7 13. Qc2 h6 14. Ne5 Nd7
15. Ndf3 Nxe5 16. dxe5 Qc7 17. g4 f6 18. exf6 e5 19. g5 e4 20. fxg7 Qxg7 21.
Rxh6 Bf5 22. g4 Bh7 23. Nh2 Rac8 24. O-O-O Qxg5 25. Rh5 Qg7 26. Rd2 Bg6 27. Rh3
Rf7 28. Nf1 Rcf8 29. Ng3 Qf6 30. Nh5 Qg5 31. Rg3 Rf3 32. Rxf3 Rxf3 33. Nf4 Rxf4
34. exf4 Qxf4 35. Qa4 Be8 36. Qxa6 Qxg4 1-0

[Event "47th IT Bosna 2017"]
[Site "Sarajevo"]
[Date "2017.05.19"]
[Round "9.5"]
[White "Sutkovic, Damir"]
[Black "Nikolic, Predrag"]
[Result "0-1"]
[WhiteElo "2317"]
[BlackElo "2607"]
[PlyCount "108"]
[EventDate "2017.05.13"]

1. b3 d5 2. Bb2 c5 3. e3 Nf6 4. d4 cxd4 5. Qxd4 Nc6 6. Bb5 Bd7 7. Bxc6 Bxc6 8.
Nc3 g6 9. Nf3 Bg7 10. O-O-O O-O 11. Ne5 Qc7 12. Nxc6 bxc6 13. Na4 Rfe8 14. Qe5
Qa5 15. g4 Qb4 16. Rd4 Qd6 17. Qxd6 exd6 18. Rf4 Ne4 19. Bxg7 Kxg7 20. Kb2 Re5
21. Nc3 Rae8 22. Rd1 g5 23. Rf3 Kg6 24. Rd4 Nc5 25. Ne2 Ne4 26. Ra4 R5e7 27.
Ra6 Rc7 28. Nd4 Rec8 29. Nf5 h5 30. h3 h4 31. Nd4 Nc5 32. Ra5 Rb8 33. Rf5 Ne4
34. f4 f6 35. fxg5 fxg5 36. Nf3 Rbb7 37. c4 Rf7 38. cxd5 c5 39. Ra4 Rxf5 40.
gxf5+ Kxf5 41. Kc2 Re7 42. Nd2 Nf2 43. Nc4 Nxh3 44. Nxd6+ Ke5 45. Nc8 Rc7 46.
Nxa7 Nf2 47. Nb5 Rb7 48. Nc3 h3 49. Ne2 h2 50. Ng3 Rh7 51. d6 Kxd6 52. Ra6+ Ke5
53. Rg6 Rh3 54. Rxg5+ Ke6 0-1

[Event "47th IT Bosna 2017"]
[Site "Sarajevo"]
[Date "2017.05.19"]
[Round "9.6"]
[White "Milanovic, Danilo"]
[Black "Kilic, Efe Mert"]
[Result "1/2-1/2"]
[WhiteElo "2510"]
[BlackElo "2284"]
[PlyCount "149"]
[EventDate "2017.05.13"]

1. d4 Nf6 2. c4 e6 3. Nc3 Bb4 4. e3 O-O 5. Bd3 b6 6. Nf3 Bb7 7. O-O Bxc3 8.
bxc3 d6 9. Nd2 Nbd7 10. e4 e5 11. Re1 Re8 12. f3 Nh5 13. Bf1 g6 14. Nb3 c5 15.
Be3 Qc7 16. Qd2 Ng7 17. Rad1 Rad8 18. Bf2 Ne6 19. Qh6 f6 20. Be3 Ndf8 21. d5
Ng7 22. g3 Bc8 23. Rd2 Rd7 24. Rf2 Rf7 25. Nd2 Ree7 26. Bd3 Ne8 27. Rff1 Qd7
28. Kg2 Rg7 29. f4 exf4 30. gxf4 Qg4+ 31. Kh1 Qh3 32. Qxh3 Bxh3 33. Rf3 Bc8 34.
Bf2 g5 35. fxg5 fxg5 36. e5 Rxe5 37. Rxe5 dxe5 38. Re3 Rf7 39. Bg3 Bf5 40. Rxe5
Bxd3 41. Rxe8 Kg7 42. Be5+ Kg6 43. Kg1 Nd7 44. Bg3 g4 45. Kg2 h5 46. Bh4 Kf5
47. Kf2 Nf6 48. Re6 b5 49. Ke3 bxc4 50. Bxf6 Rxf6 51. Rxf6+ Kxf6 52. Kf4 a5 53.
a3 a4 54. d6 Ke6 55. Kg5 Kxd6 56. Kxh5 Be2 57. Kh6 Ke5 58. Kg5 Bd1 59. Nxc4+
Ke4 60. Nb2 g3 61. hxg3 Bb3 62. Kf6 Ke3 63. Ke5 Kd2 64. Nxa4 Bxa4 65. Kd5 Kxc3
66. Kxc5 Kb3 67. g4 Kxa3 68. g5 Bb3 69. g6 Bg8 70. g7 Ba2 71. Kd6 Bb3 72. Ke7
Ba2 73. Kf8 Bb3 74. g8=Q Bxg8 75. Kxg8 1/2-1/2

[Event "47th IT Bosna 2017"]
[Site "Sarajevo"]
[Date "2017.05.19"]
[Round "9.7"]
[White "Hodzic, Nihad"]
[Black "Drasko, Milan"]
[Result "1-0"]
[WhiteElo "2266"]
[BlackElo "2446"]
[PlyCount "79"]
[EventDate "2017.05.13"]

1. d4 e6 2. c4 Nf6 3. Nc3 Bb4 4. e3 b6 5. Bd3 Bb7 6. Nf3 O-O 7. O-O d5 8. a3
Bd6 9. Qc2 dxc4 10. Bxc4 Nbd7 11. e4 e5 12. d5 a6 13. Be3 Re8 14. b4 Nf8 15.
Rfd1 Ng6 16. Bf1 Qe7 17. h3 Rac8 18. Nd2 b5 19. Nb3 c6 20. dxc6 Bxc6 21. Bc5
Bxc5 22. Nxc5 Nf4 23. Qb2 Ra8 24. Rac1 Rec8 25. a4 bxa4 26. N3xa4 Bxa4 27. Nxa4
Rxc1 28. Rxc1 Nxe4 29. g3 Qg5 30. Kh2 Rd8 31. Nc5 Nd2 32. Qxd2 Rxd2 33. Ne4
Rxf2+ 34. Nxf2 Qf5 35. Bxa6 Ne6 36. Rc8+ Nf8 37. Kg2 e4 38. Re8 Qf3+ 39. Kg1 e3
40. Ne4 1-0